01199nam a2200265 i 4500001000700000003000700007005001700014008004100031020002200072080002400094100004000118245012900158260007800287300002700365490001800392504003400410600007300444700002700517830002600544852012400570903004300694942000800737999001900745952016900764186139SpMaBN20250801131246.0160912s2015 sp |||| |dspa d a978-84-943932-2-8 a32 Gramsci, Antonio1 aLosurdo, Domenico (d1941-)915191310aAntonio Gramsci b: del liberalismo al comunismo crítico / cDomenico Losurdo ; traducción del italiano de Juan Vivanco. aGuadarrama, Madrid : bEdiciones del Oriente y del Mediterráneo,c2015. a312 p. ; c21 x 12 cm.1 aDisenso ; v6 aReferencias bibliográficas.04aGramsci, Antonio, d1891-1937- xCrítica e interpretación9595461 aVivanco, Juan.91155400 aDisenso ; v69225347 aES-MaACLjA-13826 9193191bR.150004cDEPO1gDedicaatoria autógrafa del editorhDonación: Fernando García Burillo 954300aGarcía Burillo, Fernandoednr 2udc c186139d186139 00102udc4070aATENEOMbATENEOMcDEPO1d2016-09-12eDONACIONl0oA-13826p1196246r2023-02-23 00:00:00w2023-02-23yMONOGRAFIAzDedicatoria autógrafa del editor